Géographie de l'Amérique du Sud par lettre - U - Statistiques

Statistiques générales
  • Ce quiz a été pris 50 fois
  • Le résultat moyen est 5 sur 17
Statistiques - réponses
Question Réponse % Correct
Fleuve et pays sud-américain Uruguay
96%
Capitale argentine de la Terre de Feu, popularisée par Nicolas Hulot Ushuaia
78%
Mouvement historique qui se définit par l'augmentation de la population des villes au détriment des campagnes. Celle du Brésil est l'une des plus fortes au monde, ce qui n'est pas sans conséquences politiques et environnementales Urbanisation
70%
Concours de beauté dont le Venezuela a été sept fois vainqueur Miss {Univers}
67%
Institution de l'ONU dont le siège est à Paris, et dont le Brésil était le seul représentant de l'Amérique du Sud parmi les membres fondateurs. UNESCO
67%
Paresseux à deux doigts que l'on trouve dans la canopée de la forêt tropicale humide Unau
39%
L'ours à lunettes est le seul représentant de cette famille de mammifères en Amérique du Sud Ursidés
39%
Vautour noir fréquent en Amérique du Sud Urubu
26%
Président de la Colombie de 2002 à 2010, qui s'illustra dans la lutte contre la guerilla des FARC Alvaro Uribe
9%
Adjectif qui qualifie les territoires de l'Union Européenne qui se situent sur d'autres continents, par exemple la Guyane Régions {ultra-périphériques}
4%
Ville (700 000 habitants) de l'Etat brésilien du Minas Gerais, dont le nom sonne curieusement allemand ("au-dessus du pays" - traduction approximative et non homologuée !) Uberlândia
4%
Grande rivière amazonienne, mais aussi département et province du Pérou Ukayali
2%
Point culminant des Malouines Mont {Usborne}
0%
Station balnéaire très fréquentée de l'Etat de Sao Paulo Ubatuba
0%
Tubercule andin traditionnellement consommé comme les pommes de terre Ulluco
0%
Religion afro-brésilienne proche du candomblé Umbanda
0%
Organisation intergouvernementale intégrant le Marché commun du Sud (Mercosur) et la Communauté andine (CAN). Acronyme approximatif d'Union des Nations d'Amérique du Sud UNASUR
0%
Aucun quiz correspondant
Distribution des résultats
% des personnes avec chaque résultat
Percentile par nombre de réponses
Votre historique - résultats
Vous n’avez pas pris ce quiz